1288 1442 1160 1499 1083 1194 1367 1925 1879 1451 1483 1466 1046 1946 1437 1599 1983 1070 1695 1326 1333 1943 1723 1496 1639 1840 1709 1279 1990 1965 1116 1150 1605 1241 1791 1076 1088 1823 1887 1412 1266 1646 1558 1730 1149 1973 1256 1365 1345 1160 1173 1258 1255 1072 1400 1666 1736 1641 1237 1841 1063 1652 1938 1181 1623 1418 1578 1058 1758 1975 1615 1824 1953 1645 1835 1577 1299 1219 1245 1519 1743 1666 1614 1153 1855 1529 1769 1821 1817 1912 1951 1551 1717 1487 1171 1831 1944 1235 1220 BCNSPRNW ULIB Ver.6.0+V

เปลี่ยนเป็นภาษาไทย

Change to English
 แสดงรายละเอียดบรรณานุกรม
  กลับหน้าหลัก

Brief Record : Get Marc (ISO 2709) : E-mail record : QR code < ปิดหน้าต่าง
LEADER : 00000nam 2200000uu 4500
001    13399114544
003     ULIB
008    120412s2550||||th 000 0 tha d
020    ^a9749479408
090    ^aนว.^bก478ผ 2550
100 0  ^aLittle Mermaid
245 00 ^aแผนรักรสเบเกอรี่ Bakery of love/^cLittle Mermaid
250    ^aพิมพ์ครั้งที่ 1
260    ^aกรุงเทพฯ :^bอมรินทร์ บุ๊ค เซ็นเตอร์,^c2550
300    ^a238 หน้า
945    ^p149^l0^i14063
995    ^aกัณชพร
999    ^aใช้งานได้ทุกระบบ
รายการนี้ยังไม่มีแท็ก
คุณยังไม่ได้ล็อกอิน คุณสามารถมีกิจกรรมร่วมกับเว็บไซต์ได้ แต่ต้องล็อกอินก่อน ::
  ล็อกอิน

รายการสื่อสารสนเทศ

ลำดับที่ ประเภท เลขเรียก/บาร์โค้ด สถานที่ สถานะ
1. นวนิยาย
นวนิยาย
นว. ก478ผ 2550  
  Barcode: 14063
ห้องสมุดวิทยาเขตสวรรค์ประชารักษ์
►นวนิยาย
บนชั้น
  ขอยืม

BibComment


ยังไม่เคยถูกคอมเมนท์

คอมเมนท์ทรัพยากรรายการนี้
  คอมเมนท์: แผนรักรสเบเกอรี่..


 Copyright 2026. Bcnsprnw @Library